Kluby sportowe z Ekstraklasy 25/26 po zdjęciu - Statystyki

Ogólne statystyki
  • Ten quiz został rozwiązany 59 razy
  • Średni wynik to 12 z 15
Statystyki odpowiedzi
Obrazkowy Odpowiedź % Poprawnych
Lech
98%
Motor
96%
Korona
94%
Górnik
84%
Jagiellonia
84%
Arka
82%
Legia
82%
Pogoń
80%
Raków
80%
Lechia
78%
Wisła
73%
Brukbet
67%
Zagłębie
67%
Piast
63%
Cracovia
59%
Nie znaleziono quizów pasujących do podanych kryteriów
Rozkład punktacji
Procent ludzi z każdym wynikiem
Percentyl według liczby udzielonych odpowiedzi
Twoja historia wyników
Nie rozwiązałeś tego quizu